Les frères de la résurrection / (Record no. 163425)

MARC details
000 -LEADER
campo de control de longitud fija 00712nam a22002055i 4500
001 - NÚMERO DE CONTROL
campo de control 163425
003 - IDENTIFICADOR DE NÚMERO DE CONTROL
campo de control ES-MaACL
005 - FECHA Y HORA DE LA ÚLTIMA TRANSACCIÓN
campo de control 20250714080905.0
008 - DATOS DE LONGITUD FIJA--INFORMACIÓN GENERAL
campo de control de longitud fija 050726s1867 fr | |||||||| ||fre d
040 ## - FUENTE DE CATALOGACIÓN
Centro catalogador/agencia de origen CAM
Lengua de catalogación spa
Centro/agencia transcriptor CAM
100 1# - ENTRADA PRINCIPAL--NOMBRE DE PERSONA
Nombre de persona Reynolds, George W. M.
9 (RLIN) 131762
245 14 - MENCIÓN DEL TÍTULO
Título Les frères de la résurrection /
Mención de responsabilidad, etc. par W. Reynolds.
260 ## - PUBLICACIÓN, DISTRIBUCIÓN, ETC.
Lugar de publicación, distribución, etc. Paris :
Nombre del editor, distribuidor, etc. Michel Lévy Frères,
Fecha de publicación, distribución, etc. 1867 (
Lugar de fabricación/manufactura Wassy :
Fabricante Imp. et Stér. Mougin-Dallemagne)
300 ## - DESCRIPCIÓN FÍSICA
Extensión 294 p. ;
Dimensiones 19 cm.
490 1# - MENCIÓN DE SERIE
Mención de serie Collection Michel Lévy
500 ## - NOTA GENERAL
Nota general Precede al tit.: Les drames de Londres.
830 00 - PUNTO DE ACCESO ADICIONAL DE SERIE-TÍTULO UNIFORME
Título uniforme Collection Michel Lévy
9 (RLIN) 182425
852 ## - LOCALIZACIÓN
Ubicación ES-MaACL
Número de control de estantería D-875
Nota libre -- Sin enc.
-- .- Legado M. de La Fuente
Holdings
Estatus retirado Estado de pérdida Estado de daño No para préstamo Colección Biblioteca de origen Biblioteca actual Ubicación en estantería Fecha de adquisición Fuente de adquisición Total de préstamos Signatura topográfica completa Código de barras Visto por última vez Precio de reemplazo Tipo de ítem Koha
        Libros del s. XIX Biblioteca del Ateneo de Madrid Biblioteca del Ateneo de Madrid Sala Valle Inclán 17/01/2008     D-875 901171254 23/02/2023 23/02/2023 Libro impreso antiguo